| 000 | 00000nam##2200000za#4500 |
| 001 | 9.615151 |
| 003 | CaOODSP |
| 005 | 20200706133938 |
| 007 | ta |
| 008 | 150406|2000||||xxc||||| f|0| 0 eng|d |
| 020 | |a0-660-18150-9 |
| 022 | |a1200-5223 |
| 040 | |aCaOODSP|beng |
| 043 | |an-cn--- |
| 086 | 1 |aCS11-0019/139E |
| 245 | 00|aImport competition and market power : |bCanadian evidence / |cby Aileen J. Thompson. |
| 260 | |aOttawa - Ontario : |bStatistics Canada. |c2000. |
| 300 | |avii, 17p. : |breferences, tables ; |c28 cm. |
| 490 | 1 |aResearch paper series|x1200-5223|v139 |
| 500 | |a"This paper estimates price-marginal cost ratios using detailed establishment-level data for manufacturing industries in Canada during the 1970s. The 1970s were chosen as the period of study due to the substantial increase in trade during this time."--Page 1. |
| 520 | 3 |aThis paper estimates price-marginal cost ratios using detailed establishment-level data for manufacturing industries in Canada during the 1970s. The 1970s were chosen as the period of study due to the substantial increase in trade during this time.--Page 1 |
| 563 | |aSoftcover |
| 590 | |a00-19|b2000-05-12 |
| 710 | 2 |aStatistics Canada. |bAnalytical Studies Branch. |
| 720 | 1 |aThompson, J. Aileen |
| 775 | 08|tLa concurrence des importations et la puissance sur le marché : |w(CaOODSP)9.625292 |
| 776 | 0#|tImport competition and market power : |w(CaOODSP)9.574655 |
| 830 | #0|aResearch paper series,|x1200-5223|v139|w(CaOODSP)9.514463 |